000 00273nam a2200109Ia 4500
008 190216s9999||||xx |||||||||||||| ||und||
100 _aGeorge Km
245 0 _aValarunnakairali
260 _bSahithya Pravarthaka Sahakarana Sangam
650 _aEssay Malayalam
942 _cBK
999 _c24358
_d24358